banner koha

Manettia (Rubiaceae) no estado do Paraná, Brasil (Registro n. 329726)

MARC details
000 -LÍDER
fixed length control field 02446nab a2200277 i 4500
003 - CÓDIGO MARC DA AGÊNCIA CATALOGADORA
Campo de controle BR-BrBNA
005 - DATA E HORA DA ÚLTIMA ATUALIZAÇÃO
Campo de controle 20250129164822.0
008 - CAMPO DE TAMANHO FIXO
fixed length control field 250129b2012 bl.qr|pooa||| 00| 0 por |
040 ## - FONTE DA CATALOGAÇÃO
Agência catalogadora BR-BrBNA
Idioma da catalogação por
072 ## - CATEGORIA AGRIS
Código AGRIS F70
100 ## - ENTRADA PRINCIPAL - NOME PESSOAL
Nome pessoal Marinero, Felipe Eduardo Cordeiro
100 ## - ENTRADA PRINCIPAL - NOME PESSOAL
Nome pessoal Rodrigues, William A.
100 ## - ENTRADA PRINCIPAL - NOME PESSOAL
Nome pessoal Cervi, Armando Carlos
245 ## - TÍTULO PRINCIPAL
Título principal Manettia (Rubiaceae) no estado do Paraná, Brasil
500 ## - NOTA GERAL
Nota geral Publicação on-line; 18 ref.; 7 illus.; Summaries (En, Pt)
942 ## - ADDED ENTRY ELEMENTS (KOHA)
Koha item type Analítica
520 ## - NOTA DE RESUMO
Nota de conteúdo <br/><br/>Resumo<br/><br/>O presente trabalho é um estudo taxonômico do gênero Manettia Mutis ex L. (Rubiaceae) no estado do<br/>Paraná, Brasil. Chave de identificação, mapas de distribuição geográfica, estado de conservação conforme<br/>os critérios da IUCN e ilustrações foram apresentados. Dez espécies foram verificadas para o gênero no<br/>estado: M. chrysoderma Sprague, M. congestoides Wernham, M. cordifolia Mart., M. glaziovii Wernham,<br/>M. gracilis Cham. & Schltdl., M. paraguariensis Chodat., M. paranensis Standl., M. pubescens Cham. &<br/>Schltdl., M. tweedieana K. Schum., M. verticillata Wernham, e dentre essas, M. congestoides é citada pela<br/>primeira vez para o estado do Paraná.<br/><br/>Palavras-chave: Brasil, estado do Paraná, Manettia, Rubiaceae, taxonomia.
520 ## - NOTA DE RESUMO
Nota de conteúdo <br/><br/>Abstract<br/><br/>This paper presents a taxonomic study of the genus Manettia Mutis ex L. in Paraná state (southern Brazil).<br/>Identification keys, geographic distribution maps, conservation status according to IUCN criteria, illustrations<br/>and photographs are presented. Ten species were reported for the state: M. chrysoderma Sprague, M.<br/>congestoides Wernham, M. cordifolia Mart., M. glaziovii Wernham, M. gracilis Cham. & Schltdl., M.<br/>paraguariensis Chodat., M. paranensis Standl., M. pubescens Cham. & Schltdl., M. tweedieana K. Schum., M.<br/>verticillata Wernham. Of these, M. congestoides is recorded for the first time for the southern region of Brazil.<br/><br/>Key words: Brazil, Manettia, Rubiaceae, Paraná state, taxonomy.
650 ## - ASSUNTO - THESAGRO
Cabeçalho tópico ou nome geográfico RUBIACEAE
650 ## - ASSUNTO - THESAGRO
Cabeçalho tópico ou nome geográfico TAXONOMIA
650 ## - ASSUNTO - THESAGRO
Cabeçalho tópico ou nome geográfico BRASIL
650 ## - ASSUNTO - THESAGRO
Cabeçalho tópico ou nome geográfico PARANÁ
773 0# - ENTRADA ANALÍTICA
Host Biblionumber 709
Registro do item 347388
Imprenta Rio de Janeiro-RJ Jardim Botanico do Rio de Janeiro 1935
Outro identificador 2024-8391
Título Rodriguésia (Brazil)
ISSN 0370-6583; 2175-7860 on-line
Colação v. 63(3) p. 635-647; (2012)
Número de controle de registro BR2024002964
856 ## - ACESSO E ENDEREÇO ELETRÔNICO
Identificador uniforme de recurso - URI https://www.scielo.br/j/rod/a/tSBP9Y3hMRF8Dtx4FdGcqWD/?format=pdf&lang=pt

Nenhum exemplar disponível.

BINAGRI

Telefone: (61)3218-2567/2388/3357/2097 - binagri@agro.gov.br

Ministério da Agricultura e Pecuária , Esplanada dos Ministérios, Bloco D, Anexo B, Brasília/DF, CEP: 70.043-900